| 000 | 00469nam a2200181Ia 4500 | ||
|---|---|---|---|
| 008 | 230711s9999||||xx |||||||||||||| ||und|| | ||
| 020 | _a978-93-272-1896-1 | ||
| 041 | _aENG | ||
| 082 |
_a658 _bSH-P |
||
| 100 | _aSharma,Gagan Deep | ||
| 245 | 0 | _aProduction and operations management | |
| 250 | _a6th Ed. | ||
| 260 |
_c2012 _aNew Delhi _bKalyani Publishers House |
||
| 300 | _a487 | ||
| 650 | _aUNIVESITY BUSNIESS SCHOOL | ||
| 700 | _aSingh,Gurshanjit | ||
| 942 | _cBK | ||
| 999 |
_c5552 _d5552 |
||